[Event "BPB Limburg open B"]
[Site "Maastricht"]
[Date "2014.06.09"]
[Round "7"]
[White "Rietveld, Leo"]
[Black "Gorts, Sven"]
[Result "1-0"]
[WhiteElo "2001"]
[BlackElo "1916"]
[PlyCount "81"]
[EventDate "2014.06.06"]
[EventType "swiss"]
[EventRounds "7"]
[EventCountry "NED"]
[Source "P.Boonen"]
[SourceDate "2014.10.10"]

1. d4 Nf6 2. Nc3 g6 3. e4 d6 4. f4 Bg7 5. Nf3 c6 6. h3 h5 7. e5 Nd5 8. Bc4 Nxc3
9. bxc3 d5 10. Bd3 Be6 11. O-O Bf5 12. Bxf5 gxf5 13. e6 fxe6 14. Ng5 Kd7 15.
Re1 Bf6 16. Nxe6 Qg8 17. Nc5+ Kc7 18. Rb1 b6 19. Ne6+ Kd7 20. Qd3 Qg6 21. c4
Rg8 22. Ng5 Bxg5 23. fxg5 e6 24. Bf4 Qf7 25. Qe2 Re8 26. Qe5 Kc8 27. g6 Qd7 28.
cxd5 cxd5 29. Rb3 Nc6 30. Rc3 Kb7 31. Qf6 Rac8 32. Bh6 Qd8 33. Rxe6 Rxe6 34.
Qxe6 Qh4 35. Re3 f4 36. Rf3 Nxd4 37. Qxd5+ Nc6 38. Rxf4 Qe1+ 39. Rf1 Qe8 40.
Qf7+ Ne7 41. Bg5 1-0

[Event "BPB Limburg open B"]
[Site "Maastricht"]
[Date "2014.06.09"]
[Round "7"]
[White "Roefe, Detlef"]
[Black "Meyer, Stefan"]
[Result "1-0"]
[WhiteElo "1958"]
[BlackElo "1747"]
[PlyCount "101"]
[EventDate "2014.06.06"]
[EventType "swiss"]
[EventRounds "7"]
[EventCountry "NED"]
[Source "P.Boonen"]
[SourceDate "2014.10.10"]

1. c4 Nf6 2. d3 e5 3. Nf3 Nc6 4. e3 Be7 5. Nbd2 O-O 6. a3 d6 7. Qc2 h6 8. Be2
Nh7 9. O-O Bg4 10. h3 Bh5 11. b4 a6 12. Bb2 Ng5 13. Rfe1 Nxf3+ 14. Nxf3 Bg6 15.
Nd2 Qd7 16. Bf3 f5 17. Rac1 f4 18. Bc3 fxe3 19. fxe3 Qf5 20. Ne4 Bh5 21. Ng3
Qg6 22. Bd5+ Kh8 23. Nxh5 Qxh5 24. b5 Nd8 25. Rf1 Rxf1+ 26. Rxf1 c6 27. bxc6
bxc6 28. Bf3 Qg5 29. Bd2 Qg6 30. Be4 Qe8 31. Qd1 Bf6 32. Qf3 Qe6 33. Qh5 d5 34.
Bf5 Qf7 35. Bg6 Qe7 36. cxd5 cxd5 37. Bb4 Qe6 38. Ba5 Nc6 39. Bf5 Qe8 40. Bg6
Qe6 41. Bf7 Qd6 42. Bc7 Qe7 43. Bxd5 Qc5 44. Qf3 Rc8 45. Bxc6 Rxc7 46. Be4 Kg8
47. Qg3 Bg5 48. Qg4 Qxe3+ 49. Kh1 Rc1 50. Qe6+ Kh8 51. Qe8# 1-0

[Event "BPB Limburg open B"]
[Site "Maastricht"]
[Date "2014.06.09"]
[Round "7"]
[White "Schleipfenbauer, Bent"]
[Black "Willockx, Ritsaart"]
[Result "1/2-1/2"]
[WhiteElo "1953"]
[BlackElo "1952"]
[PlyCount "36"]
[EventDate "2014.06.06"]
[EventType "swiss"]
[EventRounds "7"]
[EventCountry "NED"]
[Source "P.Boonen"]
[SourceDate "2014.10.10"]

1. c4 c6 2. Nc3 d5 3. e3 Nf6 4. Nf3 e6 5. d4 Be7 6. Bd3 dxc4 7. Bxc4 b5 8. Bd3
Bb7 9. O-O O-O 10. Qe2 Nbd7 11. Bd2 a6 12. a4 b4 13. Ne4 Nxe4 14. Bxe4 Nf6 15.
Bc2 c5 16. dxc5 Bxc5 17. Rad1 Qe7 18. e4 e5 1/2-1/2

[Event "BPB Limburg open B"]
[Site "Maastricht"]
[Date "2014.06.09"]
[Round "7"]
[White "Seip, Rien"]
[Black "Westerweele, Henrik"]
[Result "1/2-1/2"]
[WhiteElo "2005"]
[BlackElo "1960"]
[PlyCount "103"]
[EventDate "2014.06.06"]
[EventType "swiss"]
[EventRounds "7"]
[EventCountry "NED"]
[Source "P.Boonen"]
[SourceDate "2014.10.10"]

1. d4 Nf6 2. c4 c5 3. d5 e6 4. Nc3 exd5 5. cxd5 d6 6. e4 g6 7. Nf3 Bg7 8. Bg5
O-O 9. Nd2 a6 10. a4 Nbd7 11. Be2 h6 12. Bh4 Rb8 13. O-O Re8 14. Qc2 Nb6 15.
Rae1 g5 16. Bg3 Bg4 17. f3 Bh5 18. a5 Nc8 19. Nc4 Bg6 20. Qd2 Nh5 21. Bf2 b5
22. axb6 Nxb6 23. Na5 Qc7 24. Nc6 Ra8 25. Be3 Nd7 26. Ra1 Ne5 27. Nxe5 Bxe5 28.
g3 Bg7 29. Kg2 Qe7 30. Bxa6 f5 31. Bb5 fxe4 32. Bxe8 exf3+ 33. Kxf3 Rxe8 34.
Rae1 Rf8+ 35. Kg2 Rxf1 36. Rxf1 Nf6 37. h3 Ne4 38. Nxe4 Qxe4+ 39. Kh2 Bf7 40.
Rd1 Be5 41. Qd3 Qf3 42. Bxc5 Bxg3+ 43. Kg1 Qf4 44. Rf1 Bh2+ 45. Kg2 Qe5 46. Rf5
Qxb2+ 47. Rf2 Qe5 48. Rf5 Qb2+ 49. Bf2 Be5 50. Qf3 Bf4 51. Qe4 Qa2 52. Qf3
1/2-1/2

[Event "BPB Limburg open B"]
[Site "Maastricht"]
[Date "2014.06.09"]
[Round "7"]
[White "Senders, Justin"]
[Black "Verhoef, Pieter"]
[Result "1/2-1/2"]
[WhiteElo "1957"]
[BlackElo "1893"]
[PlyCount "77"]
[EventDate "2014.06.06"]
[EventType "swiss"]
[EventRounds "7"]
[EventCountry "NED"]
[Source "P.Boonen"]
[SourceDate "2014.10.10"]

1. e4 e5 2. Nf3 Nf6 3. Nxe5 d6 4. Nf3 Nxe4 5. Nc3 Nxc3 6. dxc3 Be7 7. Be3 O-O
8. Qd2 Nc6 9. O-O-O Ne5 10. Nd4 c5 11. Nb5 Be6 12. a3 Qb6 13. a4 a6 14. Na3 Qa5
15. b3 c4 16. Kb2 d5 17. Ra1 Rfc8 18. b4 Qxa4 19. Bd4 Nd7 20. Nxc4 Qc6 21. Na5
Qc7 22. Nb3 Ne5 23. Qe3 Nc4+ 24. Bxc4 Qxc4 25. Nc5 Bxc5 26. Bxc5 a5 27. Bd4
axb4 28. Rxa8 bxc3+ 29. Bxc3 Rxa8 30. Qe5 d4 31. Qxd4 Qxd4 32. Bxd4 Bd5 33. Rg1
Rc8 34. g3 Be4 35. c3 Bd5 36. Re1 b5 37. Re5 Bc4 38. Rg5 g6 39. Re5 1/2-1/2

[Event "BPB Limburg open B"]
[Site "Maastricht"]
[Date "2014.06.09"]
[Round "7"]
[White "Singh, Marcel"]
[Black "Kempen, Leon"]
[Result "0-1"]
[WhiteElo "1903"]
[BlackElo "1957"]
[PlyCount "72"]
[EventDate "2014.06.06"]
[EventType "swiss"]
[EventRounds "7"]
[EventCountry "NED"]
[Source "P.Boonen"]
[SourceDate "2014.10.10"]

1. e4 e6 2. d4 d5 3. Nd2 c5 4. exd5 exd5 5. Bb5+ Bd7 6. Qe2+ Be7 7. dxc5 Nf6 8.
Ngf3 O-O 9. Nb3 Re8 10. Be3 a6 11. Bd3 Ba4 12. O-O-O Bxb3 13. axb3 Bxc5 14. Qd2
Bxe3 15. fxe3 Nc6 16. Nd4 Nxd4 17. exd4 Ne4 18. Bxe4 Rxe4 19. c4 Rc8 20. c5 b6
21. b4 a5 22. Rhe1 Rxe1 23. Rxe1 axb4 24. Qxb4 bxc5 25. dxc5 Qg5+ 26. Qd2 Rxc5+
27. Kd1 Qg4+ 28. Re2 h6 29. h3 Qa4+ 30. Ke1 Qc6 31. Qe3 Kh7 32. b4 Rc4 33. Qd3+
Kg8 34. Rb2 Re4+ 35. Kd1 Qb6 36. Rd2 Qxb4 0-1

[Event "BPB Limburg open B"]
[Site "Maastricht"]
[Date "2014.06.09"]
[Round "7"]
[White "Slijper, Thomas"]
[Black "Van Doorn, Hans"]
[Result "1-0"]
[WhiteElo "1861"]
[BlackElo "1928"]
[PlyCount "87"]
[EventDate "2014.06.06"]
[EventType "swiss"]
[EventRounds "7"]
[EventCountry "NED"]
[Source "P.Boonen"]
[SourceDate "2014.10.10"]

1. c4 b6 2. Nc3 Bb7 3. e4 c5 4. Nge2 Nc6 5. d3 g6 6. g3 Bg7 7. Bg2 d6 8. Be3
Qd7 9. Qd2 a6 10. Nd5 Qd8 11. Nec3 e6 12. Nf4 Nf6 13. h3 Nd7 14. Nfe2 Nd4 15.
O-O Rb8 16. Rab1 Nxe2+ 17. Nxe2 b5 18. Rfd1 e5 19. a3 O-O 20. b4 Ba8 21. cxb5
axb5 22. Rdc1 Qe7 23. Nc3 Bc6 24. Qa2 cxb4 25. axb4 Ra8 26. Qb3 Nf6 27. Ra1 Qb7
28. Ra5 h6 29. Rca1 Rxa5 30. bxa5 Ra8 31. Nd5 Nxd5 32. exd5 Be8 33. Qb4 Bf8 34.
d4 f6 35. dxe5 fxe5 36. Rc1 Bd7 37. Rc6 Qb8 38. Bb6 Qe8 39. Qxb5 e4 40. Qc4
Bxc6 41. dxc6+ Kh7 42. Qxe4 Qf7 43. c7 Re8 44. Qxe8 1-0

[Event "BPB Limburg open B"]
[Site "Maastricht"]
[Date "2014.06.09"]
[Round "7"]
[White "Staudte, Rainer"]
[Black "Ismail, Tamer"]
[Result "0-1"]
[WhiteElo "1915"]
[BlackElo "1873"]
[PlyCount "66"]
[EventDate "2014.06.06"]
[EventType "swiss"]
[EventRounds "7"]
[EventCountry "NED"]
[Source "P.Boonen"]
[SourceDate "2014.10.10"]

1. d4 d6 2. c4 e5 3. dxe5 dxe5 4. Qxd8+ Kxd8 5. Nf3 f6 6. Nc3 c6 7. Bd2 Kc7 8.
O-O-O Be6 9. e3 Nd7 10. Kb1 Nc5 11. e4 g6 12. Be2 Nh6 13. h3 Nf7 14. b4 Nd7 15.
a3 a5 16. bxa5 Bxa3 17. Nd5+ Bxd5 18. cxd5 Bc5 19. Be1 Nd6 20. Nd2 Bb4 21. f3
Bxa5 22. Rc1 c5 23. Nc4 Bxe1 24. Rhxe1 Nxc4 25. Bxc4 b5 26. Ba2 c4 27. Re2 Nc5
28. Rd2 Kd6 29. Bxc4 bxc4 30. Rxc4 Rhb8+ 31. Rb2 Rxb2+ 32. Kxb2 g5 33. g4 Ra7
0-1

[Event "BPB Limburg open B"]
[Site "Maastricht"]
[Date "2014.06.09"]
[Round "7"]
[White "Sterckx, Pieter"]
[Black "Fortenbacher, Florian"]
[Result "1-0"]
[WhiteElo "1853"]
[BlackElo "1584"]
[PlyCount "43"]
[EventDate "2014.06.06"]
[EventType "swiss"]
[EventRounds "7"]
[EventCountry "NED"]
[Source "P.Boonen"]
[SourceDate "2014.10.10"]

1. e4 e5 2. f4 exf4 3. Nf3 d5 4. exd5 Qxd5 5. Nc3 Qh5 6. d4 g5 7. Bc4 Bd6 8.
Qe2+ Ne7 9. Ne4 Nd7 10. O-O Kd8 11. Nfxg5 Qxe2 12. Nxf7+ Ke8 13. Nfxd6+ cxd6
14. Nxd6+ Kd8 15. Bxe2 Rf8 16. Bxf4 Nb6 17. Bg5 Rg8 18. Bb5 Kc7 19. Ne8+ Kd8
20. Nd6 a6 21. Nf7+ Kc7 22. Bf4# 1-0

[Event "BPB Limburg open B"]
[Site "Maastricht"]
[Date "2014.06.09"]
[Round "7"]
[White "Tamminga, Meile"]
[Black "Mestrom, Wolf"]
[Result "1/2-1/2"]
[WhiteElo "1800"]
[BlackElo "1753"]
[PlyCount "103"]
[EventDate "2014.06.06"]
[EventType "swiss"]
[EventRounds "7"]
[EventCountry "NED"]
[Source "P.Boonen"]
[SourceDate "2014.10.10"]

1. e4 c5 2. c3 d5 3. exd5 Qxd5 4. Nf3 Bg4 5. d4 Bxf3 6. Qxf3 Qxf3 7. gxf3 cxd4
8. cxd4 Nf6 9. Nc3 e6 10. Bf4 Bb4 11. Bb5+ Nbd7 12. Ke2 O-O 13. a3 Bxc3 14.
bxc3 a6 15. Bd3 Nd5 16. Bd2 e5 17. c4 N5f6 18. Bc3 Rfe8 19. Kd2 exd4 20. Bxd4
Ne5 21. Kc3 b5 22. Rhg1 Rac8 23. f4 Nf3 24. Bxf6 Nxg1 25. Rxg1 g6 26. Rg3 bxc4
27. Bf1 Re4 28. Be5 Re1 29. Bh3 Rc5 30. Re3 Rxe3+ 31. fxe3 f5 32. Bf1 Rc6 33.
Bxc4+ Kf8 34. Kd4 Ke7 35. Bd5 Rc2 36. h4 Rh2 37. Bb7 Rxh4 38. Bxa6 Rh2 39. Bc4
h5 40. e4 h4 41. exf5 gxf5 42. Kc5 h3 43. Bd5 Rd2 44. Bb7 Rc2+ 45. Kb4 Rc1 46.
Bd5 h2 47. a4 Rd1 48. Ba8 h1=Q 49. Bxh1 Rxh1 50. Kc5 Rh6 51. a5 Kd7 52. Kb5
1/2-1/2

[Event "BPB Limburg open B"]
[Site "Maastricht"]
[Date "2014.06.09"]
[Round "7"]
[White "Taverniers, Peter"]
[Black "Rutten, David"]
[Result "1/2-1/2"]
[WhiteElo "1686"]
[BlackElo "1853"]
[PlyCount "89"]
[EventDate "2014.06.06"]
[EventType "swiss"]
[EventRounds "7"]
[EventCountry "NED"]
[Source "P.Boonen"]
[SourceDate "2014.10.10"]

1. c4 e5 2. Nc3 Nf6 3. g3 d5 4. cxd5 Nxd5 5. Bg2 Nb6 6. d3 Be7 7. Nf3 Nc6 8.
O-O O-O 9. Nd2 Be6 10. b3 Qd7 11. Nc4 Nxc4 12. dxc4 Rad8 13. Qxd7 Rxd7 14. Be3
Rfd8 15. Rfd1 Nd4 16. Kf1 Nc2 17. Rxd7 Rxd7 18. Rd1 Nxe3+ 19. fxe3 Rxd1+ 20.
Nxd1 c6 21. e4 Bc5 22. Nb2 Bd4 23. Nd3 a5 24. Ke1 f6 25. Kd2 Kf7 26. e3 Ba7 27.
Nb2 Ke7 28. Kd3 Kd6 29. Na4 Bf7 30. Bh3 b5 31. cxb5 cxb5 32. Nc3 Kc5 33. Bd7 b4
34. Na4+ Kd6 35. Bb5 Be6 36. Nb2 Kc5 37. Be8 Bb8 38. Na4+ Kd6 39. Nb6 Bc7 40.
Nc4+ Kc5 41. Nb2 Bh3 42. Bf7 Bf1+ 43. Kd2 Bb5 44. Bg8 h6 45. Bf7 1/2-1/2

[Event "BPB Limburg open B"]
[Site "Maastricht"]
[Date "2014.06.09"]
[Round "7"]
[White "Ucaroglu Melih, Furkan"]
[Black "Santiago, Gerardo"]
[Result "1-0"]
[WhiteElo "1738"]
[BlackElo "1851"]
[PlyCount "37"]
[EventDate "2014.06.06"]
[EventType "swiss"]
[EventRounds "7"]
[EventCountry "NED"]
[Source "P.Boonen"]
[SourceDate "2014.10.10"]

1. e4 e5 2. Nf3 Nc6 3. Bc4 Nf6 4. d3 d5 5. exd5 Nxd5 6. O-O Bg4 7. h3 Bh5 8.
Re1 f6 9. Nxe5 fxe5 10. Qxh5+ g6 11. Qf3 Nf6 12. d4 Bd6 13. dxe5 Bxe5 14. Bf4
Qd6 15. Bxe5 Nxe5 16. Qc3 Nfd7 17. f4 O-O-O 18. fxe5 Qc5+ 19. Kh1 1-0

[Event "BPB Limburg open B"]
[Site "Maastricht"]
[Date "2014.06.09"]
[Round "7"]
[White "Uckerman, John"]
[Black "Mitran, Anthony Cris"]
[Result "0-1"]
[WhiteElo "1708"]
[BlackElo "1593"]
[PlyCount "108"]
[EventDate "2014.06.06"]
[EventType "swiss"]
[EventRounds "7"]
[EventCountry "NED"]
[Source "P.Boonen"]
[SourceDate "2014.10.10"]

1. e4 c5 2. Nf3 Nc6 3. d4 cxd4 4. Nxd4 g6 5. Nc3 Bg7 6. Be3 d6 7. h3 Nf6 8. Bc4
a6 9. O-O O-O 10. Bb3 Qc7 11. Qd2 Rb8 12. Rad1 Na5 13. Nde2 Nxb3 14. axb3 b5
15. Ng3 Bb7 16. f4 Rbc8 17. Qf2 b4 18. Bb6 Qc6 19. e5 bxc3 20. exf6 Bxf6 21.
bxc3 Qxc3 22. Rd2 d5 23. Rfd1 Bh4 24. Kh2 Bxg3+ 25. Qxg3 Qxg3+ 26. Kxg3 Rc3+
27. Rd3 Rxc2 28. Bd4 Rfc8 29. Kf3 e6 30. g4 R8c4 31. Kg3 Rc8 32. h4 Rc1 33.
Rxc1 Rxc1 34. h5 Bc6 35. b4 Bb5 36. Rd2 Rb1 37. hxg6 fxg6 38. Bc5 Rc1 39. Bd4
Rc4 40. Bc5 a5 41. Rb2 a4 42. Bd6 Rc3+ 43. Kg2 a3 44. Rd2 Bc4 45. Rd1 Rb3 46.
Be5 a2 47. Ra1 Rxb4 48. Kf2 Rb1 49. g5 Kf7 50. Ke3 Ke7 51. Kd2 Kd7 52. Bc3 Kc6
53. Kc2 Kc5 54. Rxb1 Bd3+ 0-1

[Event "BPB Limburg open B"]
[Site "Maastricht"]
[Date "2014.06.09"]
[Round "7"]
[White "Van Hoorn, Geert"]
[Black "Rache, Ralf"]
[Result "1-0"]
[WhiteElo "1695"]
[BlackElo "1832"]
[PlyCount "43"]
[EventDate "2014.06.06"]
[EventType "swiss"]
[EventRounds "7"]
[EventCountry "NED"]
[Source "P.Boonen"]
[SourceDate "2014.10.10"]

1. e4 c5 2. Nc3 Nc6 3. f4 g6 4. Nf3 Bg7 5. Bb5 Nd4 6. O-O Nxb5 7. Nxb5 Nh6 8.
d3 a6 9. Nc3 d6 10. Qe1 O-O 11. Qh4 f6 12. f5 Nf7 13. fxg6 hxg6 14. Qg3 Nh8 15.
h4 Qd7 16. Nd5 Qg4 17. Nxe7+ Kh7 18. Qxd6 Nf7 19. Qf4 Qxf4 20. Bxf4 Be6 21. Nd5
f5 22. Nc7 1-0

[Event "BPB Limburg open B"]
[Site "Maastricht"]
[Date "2014.06.09"]
[Round "7"]
[White "Van Wiele, Kurt"]
[Black "Loose, Rob"]
[Result "1/2-1/2"]
[WhiteElo "1880"]
[BlackElo "1909"]
[PlyCount "43"]
[EventDate "2014.06.06"]
[EventType "swiss"]
[EventRounds "7"]
[EventCountry "NED"]
[Source "P.Boonen"]
[SourceDate "2014.10.10"]

1. e4 e5 2. Nf3 Nc6 3. Bc4 Nf6 4. Ng5 Bc5 5. Bxf7+ Ke7 6. Bd5 d6 7. h3 Qe8 8.
Nc3 Rf8 9. Nf3 Qh5 10. d3 h6 11. Be3 Nd4 12. Rg1 c6 13. Bb3 Nxf3+ 14. Qxf3 Qxf3
15. gxf3 Nh5 16. Bxc5 dxc5 17. Ke2 Bxh3 18. Ke3 Be6 19. Ne2 Rf7 20. Ng3 Nxg3
21. Rxg3 Bxb3 22. axb3 1/2-1/2

[Event "BPB Limburg open B"]
[Site "Maastricht"]
[Date "2014.06.09"]
[Round "7"]
[White "Van Zwet, Matthias"]
[Black "Coenen, Bert"]
[Result "1/2-1/2"]
[WhiteElo "1806"]
[BlackElo "1852"]
[PlyCount "122"]
[EventDate "2014.06.06"]
[EventType "swiss"]
[EventRounds "7"]
[EventCountry "NED"]
[Source "P.Boonen"]
[SourceDate "2014.10.10"]

1. d4 d6 2. e4 Nf6 3. f3 e5 4. dxe5 dxe5 5. Qxd8+ Kxd8 6. Bc4 Ke8 7. Ne2 Nbd7
8. Nbc3 c6 9. Bg5 Be7 10. a4 b6 11. Bh4 Nxe4 12. Bxe7 Nxc3 13. Bd6 Nxe2 14.
Kxe2 f6 15. f4 exf4 16. Rhe1 Ne5 17. Bxe5 Bg4+ 18. Kf2 fxe5 19. h3 Bd7 20.
Rxe5+ Kf8 21. Kf3 Re8 22. Kxf4 h6 23. Rf1 g6 24. Rxe8+ Kxe8 25. Ke5 Rh7 26. Bd3
Bf5 27. Bxf5 gxf5 28. Rxf5 Re7+ 29. Kd6 Rd7+ 30. Kxc6 Rd2 31. Re5+ Kf7 32. Kb7
Rxc2 33. Kxa7 Rxb2 34. g4 Rb4 35. Rd5 Rxa4+ 36. Kxb6 Ra3 37. Rh5 Kg6 38. Kb5
Rg3 39. Kb4 Rf3 40. Kc4 Ra3 41. Kd4 Ra4+ 42. Ke3 Ra3+ 43. Kf4 Ra4+ 44. Kg3 Ra3+
45. Kh4 Rf3 46. Ra5 Rc3 47. Ra6+ Kg7 48. Ra7+ Kg6 49. Ra8 Kg7 50. Ra2 Rb3 51.
Rg2 Rb4 52. Kg3 Rb3+ 53. Kh4 Rb4 54. Kh5 Rb5+ 55. g5 hxg5 56. Rxg5+ Rxg5+ 57.
Kxg5 Kh7 58. h4 Kg7 59. h5 Kh7 60. h6 Kh8 61. Kg6 Kg8 1/2-1/2

[Event "BPB Limburg open B"]
[Site "Maastricht"]
[Date "2014.06.09"]
[Round "7"]
[White "Van de Griend, Johan"]
[Black "Klein, Gernot"]
[Result "1-0"]
[WhiteElo "1963"]
[BlackElo "1925"]
[PlyCount "95"]
[EventDate "2014.06.06"]
[EventType "swiss"]
[EventRounds "7"]
[EventCountry "NED"]
[Source "P.Boonen"]
[SourceDate "2014.10.10"]

1. e4 c5 2. Nf3 e6 3. d4 cxd4 4. Nxd4 a6 5. Nc3 b5 6. a3 Bb7 7. Bd3 d6 8. Be3
Nf6 9. f3 Be7 10. Qd2 Nbd7 11. Rd1 O-O 12. O-O Rc8 13. Qf2 d5 14. exd5 Nxd5 15.
Nxd5 Bxd5 16. Rfe1 Bh4 17. g3 Be7 18. Be4 Bxe4 19. fxe4 Qc7 20. c3 Nf6 21. Bc1
e5 22. Nb3 Rfd8 23. Qe2 Rxd1 24. Rxd1 Rd8 25. Rxd8+ Qxd8 26. Bg5 h6 27. Bxf6
Bxf6 28. Kg2 Be7 29. Nd2 Qd6 30. Nf1 Bd8 31. Ne3 Bb6 32. Nd5 Ba7 33. b4 Qd8 34.
Qg4 Kf8 35. Qf5 f6 36. Qe6 a5 37. bxa5 Bc5 38. a6 Qb8 39. Qd7 Kg8 40. Nxf6+
gxf6 41. Qd5+ Kh7 42. Qxc5 Qa8 43. Qe7+ Kg6 44. Qb7 Qd8 45. Qd5 Qa5 46. Qg8+
Kh5 47. Kh3 f5 48. Qf7+ 1-0

[Event "BPB Limburg open B"]
[Site "Maastricht"]
[Date "2014.06.09"]
[Round "7"]
[White "Van de Pavoordt, Max"]
[Black "Beukema, Jasper"]
[Result "1/2-1/2"]
[WhiteElo "1839"]
[BlackElo "1862"]
[PlyCount "62"]
[EventDate "2014.06.06"]
[EventType "swiss"]
[EventRounds "7"]
[EventCountry "NED"]
[Source "P.Boonen"]
[SourceDate "2014.10.10"]

1. e4 c5 2. Nf3 Nc6 3. d4 cxd4 4. Nxd4 g6 5. Nc3 Bg7 6. Be3 Nf6 7. Nxc6 bxc6 8.
Bc4 O-O 9. O-O d6 10. h3 Bd7 11. f4 c5 12. Qd3 Rb8 13. Rab1 Bc6 14. Bf2 Qa5 15.
a3 Rfd8 16. Rfd1 e6 17. Qf3 Rd7 18. g4 Rbd8 19. Be2 d5 20. e5 d4 21. Qxc6 dxc3
22. exf6 Rxd1+ 23. Bxd1 Bxf6 24. Qxc5 Qxc5 25. Bxc5 cxb2 26. Be2 Rc8 27. Bxa7
Rxc2 28. Bd3 Rc3 29. g5 Bg7 30. Be4 Rxa3 31. Bf2 Rc3 1/2-1/2

[Event "BPB Limburg open B"]
[Site "Maastricht"]
[Date "2014.06.09"]
[Round "7"]
[White "Vanhuyse, Nele"]
[Black "Van Hoorn, Frank"]
[Result "0-1"]
[WhiteElo "1940"]
[BlackElo "1665"]
[PlyCount "144"]
[EventDate "2014.06.06"]
[EventType "swiss"]
[EventRounds "7"]
[EventCountry "NED"]
[Source "P.Boonen"]
[SourceDate "2014.10.10"]

1. e4 c5 2. Nf3 Nc6 3. d4 cxd4 4. Nxd4 Nf6 5. Nc3 d6 6. Bc4 e6 7. O-O Be7 8. a3
O-O 9. Ba2 a6 10. Kh1 Qc7 11. f3 b5 12. Nxc6 Qxc6 13. Bg5 Bb7 14. Qe1 Rac8 15.
Rd1 Rfd8 16. Rf2 a5 17. Rfd2 b4 18. axb4 axb4 19. Ne2 Qc5 20. Bh4 d5 21. e5 Nd7
22. Bxe7 Qxe7 23. Nd4 Qg5 24. Re2 Ba6 25. Re3 h5 26. g3 h4 27. Rd2 h3 28. f4
Qg4 29. f5 Nc5 30. Rf3 Ne4 31. Rf4 Qh5 32. fxe6 fxe6 33. Nxe6 Nxd2 34. Nxd8
Rxd8 35. Qxd2 Qxe5 36. Kg1 g6 37. Bb3 Kg7 38. Qd4 Qxd4+ 39. Rxd4 Re8 40. Rd1 d4
41. Kf2 Re2+ 42. Kf3 Rxh2 43. Rxd4 Rg2 44. Bd5 Rxc2 45. b3 Bf1 46. g4 Bg2+ 47.
Kg3 Bxd5 48. Rxd5 Rc3+ 49. Kh2 Rxb3 50. g5 Kf7 51. Rd6 Re3 52. Rf6+ Kg7 53. Rb6
b3 54. Rb7+ Kf8 55. Rb6 Re2+ 56. Kxh3 b2 57. Kg3 Ke7 58. Kf3 Rh2 59. Kf4 Kd7
60. Ke5 Kc7 61. Rb3 Rf2 62. Ke6 Kc6 63. Rb8 Kc5 64. Rb7 Kc4 65. Rb8 Kc3 66. Rb7
Kc2 67. Rc7+ Kd1 68. Rb7 Kc1 69. Rc7+ Rc2 70. Rb7 b1=Q 71. Rxb1+ Kxb1 72. Kf6
Rc6+ 0-1

[Event "BPB Limburg open B"]
[Site "Maastricht"]
[Date "2014.06.09"]
[Round "7"]
[White "Veelenturf, Wim"]
[Black "Van den Berg, Jaap"]
[Result "0-1"]
[WhiteElo "1741"]
[BlackElo "1879"]
[PlyCount "72"]
[EventDate "2014.06.06"]
[EventType "swiss"]
[EventRounds "7"]
[EventCountry "NED"]
[Source "P.Boonen"]
[SourceDate "2014.10.10"]

1. e4 e5 2. Bc4 Nf6 3. Nc3 c6 4. d3 h6 5. Nf3 d6 6. a3 Be7 7. O-O Nbd7 8. h3
Nf8 9. d4 exd4 10. Nxd4 Ng6 11. Nf3 O-O 12. Bd3 Qc7 13. Ne2 d5 14. exd5 Nxd5
15. c4 Ndf4 16. Qc2 Nxd3 17. Qxd3 Bf6 18. Ng3 Be6 19. Nh5 Be7 20. Re1 Rad8 21.
Qc2 Qd6 22. Be3 Qd3 23. Rac1 c5 24. Qc3 Qxc3 25. Rxc3 b6 26. b3 Bd6 27. Ng3 Bc8
28. Ne4 Bb8 29. b4 Bb7 30. Ned2 cxb4 31. axb4 Rfe8 32. Rec1 Nf4 33. Kf1 f5 34.
Bxf4 Bxf4 35. R1c2 Bxf3 36. Nxf3 Rd1+ 0-1

[Event "BPB Limburg open B"]
[Site "Maastricht"]
[Date "2014.06.09"]
[Round "7"]
[White "Verheij, Albert"]
[Black "Rosenbrand, Stefan"]
[Result "1-0"]
[WhiteElo "1850"]
[BlackElo "1706"]
[PlyCount "47"]
[EventDate "2014.06.06"]
[EventType "swiss"]
[EventRounds "7"]
[EventCountry "NED"]
[Source "P.Boonen"]
[SourceDate "2014.10.10"]

1. e4 e5 2. Bc4 Nf6 3. d3 Bc5 4. Nc3 c6 5. f4 b5 6. fxe5 bxc4 7. exf6 Qxf6 8.
Nf3 cxd3 9. cxd3 Ba6 10. d4 Bb6 11. Bg5 Qg6 12. Qd2 h6 13. Be3 O-O 14. O-O-O d5
15. Nh4 Qf6 16. Nf5 dxe4 17. Qf2 Bd3 18. g4 Ba5 19. Nxh6+ Kh7 20. Nf5 Bxc3 21.
bxc3 c5 22. g5 Qa6 23. Qh4+ Kg8 24. Ne7# 1-0

[Event "BPB Limburg open B"]
[Site "Maastricht"]
[Date "2014.06.09"]
[Round "7"]
[White "Verhoef, Ruud"]
[Black "Kuryliw, Ray"]
[Result "0-1"]
[WhiteElo "1919"]
[BlackElo "1884"]
[PlyCount "87"]
[EventDate "2014.06.06"]
[EventType "swiss"]
[EventRounds "7"]
[EventCountry "NED"]
[Source "P.Boonen"]
[SourceDate "2014.10.10"]

1. e4 e5 2. Nf3 Nc6 3. d4 exd4 4. Bc4 Bb4+ 5. c3 dxc3 6. bxc3 Ba5 7. O-O d6 8.
Qb3 Qe7 9. Ba3 Bb6 10. Qc2 Be6 11. Bd3 f6 12. Nbd2 Nh6 13. Rab1 Nf7 14. Bb5
Nfe5 15. Nd4 Bd7 16. Nf5 Bxf5 17. exf5 O-O-O 18. Nc4 Nxc4 19. Bxc4 Ne5 20. Bd5
c6 21. Be6+ Kb8 22. Rfd1 Ka8 23. Qa4 Qc7 24. Bc1 g5 25. Qe4 d5 26. Qe2 h5 27.
a4 Ng4 28. g3 Bxf2+ 29. Kg2 Bc5 30. Rd2 Ne3+ 31. Kh1 Nc4 32. Ra2 Bd6 33. a5 a6
34. Be3 Nxe3 35. Qxe3 g4 36. Rab2 Rb8 37. Qd3 Qxa5 38. c4 h4 39. gxh4 Rxh4 40.
cxd5 c5 41. Kg2 Rxh2+ 42. Kf1 Rh1+ 43. Kg2 Rxb1 44. Rxb1 0-1

[Event "BPB Limburg open B"]
[Site "Maastricht"]
[Date "2014.06.09"]
[Round "7"]
[White "Wuijts, Johan"]
[Black "Moes, Waldemar"]
[Result "1/2-1/2"]
[WhiteElo "1756"]
[BlackElo "2038"]
[PlyCount "41"]
[EventDate "2014.06.06"]
[EventType "swiss"]
[EventRounds "7"]
[EventCountry "NED"]
[Source "P.Boonen"]
[SourceDate "2014.10.10"]

1. b3 e5 2. Bb2 Nc6 3. e3 Nf6 4. Nf3 Bd6 5. Bb5 e4 6. Nd4 Nxd4 7. Bxd4 c6 8.
Be2 Bc7 9. c4 O-O 10. d3 d5 11. cxd5 cxd5 12. Nc3 Be6 13. O-O Rc8 14. Rc1 Bb6
15. Nb5 Rxc1 16. Qxc1 Bd7 17. Bxb6 Qxb6 18. Nd4 Rc8 19. Qd2 Qc5 20. h3 h6 21.
Rd1 1/2-1/2

[Event "BPB Limburg open C"]
[Site "Maastricht"]
[Date "2014.06.06"]
[Round "1"]
[White "Baeten, Wim"]
[Black "Havenith, Julia"]
[Result "1/2-1/2"]
[WhiteElo "1000"]
[BlackElo "1570"]
[PlyCount "64"]
[EventDate "2014.06.06"]
[EventType "swiss"]
[EventRounds "7"]
[EventCountry "NED"]
[Source "P.Boonen"]
[SourceDate "2014.10.10"]

1. d4 Nf6 2. Bg5 g6 3. c4 Bg7 4. Nc3 O-O 5. e4 d6 6. Nf3 h6 7. Bd2 Re8 8. Qc1
Kh7 9. Bd3 e5 10. d5 Nbd7 11. b4 c6 12. h4 a5 13. Ne2 axb4 14. Bxb4 Nc5 15.
Bxc5 Qa5+ 16. Qd2 Qxc5 17. Ng3 Qa5 18. h5 Qxd2+ 19. Kxd2 Bg4 20. hxg6+ fxg6 21.
Nh2 Bd7 22. Rab1 Reb8 23. Rb6 Ra6 24. Rxa6 bxa6 25. Rb1 Rxb1 26. Bxb1 c5 27.
Bc2 Kg8 28. Kc3 Kf7 29. Kb3 Ke8 30. Ka3 Kd8 31. Ba4 Kc7 32. f3 h5 1/2-1/2